[Event "World Youth Girls U16 2014"]
[Site "Durban RSA"]
[Date "2014.09.23"]
[Round "6.15"]
[White "Guo, Zhi Lin"]
[Black "Fesselier, Melissa"]
[Result "1-0"]
[WhiteElo "1632"]
[BlackElo "1966"]
[WhiteFideId "3216381"]
[BlackFideId "20689284"]
[EventDate "2014.09.20"]

1. d4 Nf6 2. c4 g6 3. Nc3 d5 4. Nf3 Bg7 5. Qb3 dxc4 6. Qxc4 O-O 7. e4 a6 8. Be2
b5 9. Qb3 Nc6 10. e5 Be6 11. Qd1 Nd5 12. Ng5 Bf5 13. Be3 Ncb4 14. Nce4 h6 15. g4
Bc8 16. Nf3 Bxg4 17. a3 Nxe3 18. fxe3 Nd5 19. Qb3 a5 20. h3 Bf5 21. Nfd2 a4 22.
Qd3 b4 23. Bg4 Bxg4 24. hxg4 bxa3 25. Rxa3 Rb8 26. b3 axb3 27. Rxb3 Qd7 28. Rg1
Ra8 29. Ke2 Rfb8 30. Nc5 Qc6 31. Rxb8+ Rxb8 32. e6 Nb4 33. exf7+ Kh8 34. Qc4 Nd5
35. Na6 Qxc4+ 36. Nxc4 Rf8 37. Rf1 Bf6 38. e4 Nb6 39. Kd3 Kg7 40. Nxc7 Rb8 41.
Rb1 Nd7 42. Rxb8 Nxb8 43. e5 Kxf7 44. exf6 Kxf6 45. Ne5 h5 46. Nd5+ Ke6 47. Nxe7
Kxe7 48. Nxg6+ Kf6 49. gxh5 Nd7 50. Ke4 Kg5 51. Nf4 Nf6+ 52. Ke5 Ng4+ 53. Ke4
Nf6+ 54. Kf3 Kf5 55. d5 Nxd5 56. Nxd5 Kg5 57. Nf4 Kh6 58. Kg4 Kg7 59. Kg5 Kh7
60. Nd5 Kg7 61. Ne7 Kh7 62. Nf5 Kh8 63. Kg6 Kg8 64. Nh6+ 1-0

[Event "World Youth Girls U16 2014"]
[Site "Durban RSA"]
[Date "2014.09.23"]
[Round "6.16"]
[White "Kafetzi, Angeliki"]
[Black "Albekova, Dilyara"]
[Result "1-0"]
[WhiteElo "1896"]
[BlackElo "1830"]
[WhiteFideId "4238419"]
[BlackFideId "13705628"]
[EventDate "2014.09.20"]

1. e4 d5 2. exd5 Qxd5 3. Nc3 Qd6 4. d4 a6 5. Nf3 Nf6 6. g3 Bg4 7. Bg2 g6 8. O-O
Bg7 9. Re1 O-O 10. h3 Bxf3 11. Bxf3 c6 12. Bf4 Qd8 13. a4 b6 14. Bxb8 Rxb8 15.
Bxc6 Qd6 16. Bg2 Qb4 17. Rb1 Rfd8 18. Qe2 Rxd4 19. Qxe7 Qa5 20. Qc7 Rbd8 21. Re5
Qb4 22. Re7 Ne8 23. Qa7 Nd6 24. Re2 a5 25. Bd5 Qc5 26. Bb3 Qc6 27. Rbe1 Bf6 28.
Nb5 Nc4 29. Nxd4 Bxd4 30. Qe7 Bf6 31. Qe4 Qxe4 32. Rxe4 Nd6 33. R4e2 Bxb2 34.
Rd1 Ba3 35. Re7 Kf8 36. Rc7 Bc5 37. Rd3 Kg7 38. Rf3 Rf8 39. g4 Bb4 40. h4 Bc5
41. Kf1 h5 42. gxh5 gxh5 43. Rg3+ Kf6 44. Rg5 Ne4 45. Rxh5 Bxf2 46. Rc6+ Kg7 47.
Re5 Nf6 48. Rg5+ Kh7 49. Kxf2 Ne4+ 50. Kf3 Nxg5+ 51. hxg5 1-0

[Event "World Youth Girls U16 2014"]
[Site "Durban RSA"]
[Date "2014.09.23"]
[Round "6.17"]
[White "Jain, Shaileja"]
[Black "Wafa, Shahenda"]
[Result "0-1"]
[BlackTitle "WIM"]
[WhiteElo "1736"]
[BlackElo "1917"]
[WhiteFideId "2089254"]
[BlackFideId "10609962"]
[EventDate "2014.09.20"]

1. e4 c5 2. Nf3 Nc6 3. Nc3 Nf6 4. Bb5 g6 5. Bxc6 dxc6 6. d3 Bg7 7. h3 Nd7 8. O-O
e5 9. Be3 O-O 10. Nd2 Qe7 11. a4 Rd8 12. a5 Nf8 13. Na4 Ne6 14. Ra3 Nf4 15. Qf3
Qg5 16. Kh1 Qh4 17. Kh2 g5 18. Qg3 Qh6 19. Re1 g4 20. Nxc5 Rd6 21. d4 gxh3 22.
gxh3 Rg6 23. Bxf4 exf4 24. Qd3 f3 25. Qxf3 Qxd2 26. Nd3 Rh6 27. Nf4 Qxe1 28. Qg2
Qd2 29. Rf3 Qd1 30. Qg5 Be6 31. e5 Qxf3 0-1

[Event "World Youth Girls U16 2014"]
[Site "Durban RSA"]
[Date "2014.09.23"]
[Round "6.19"]
[White "Konopatska, Oleksandra"]
[Black "Ciungan, Diana-Alexandra"]
[Result "1-0"]
[WhiteElo "1914"]
[BlackElo "1762"]
[WhiteFideId "14128772"]
[BlackFideId "1219472"]
[EventDate "2014.09.20"]

1. c4 e5 2. g3 Nc6 3. Bg2 Bc5 4. Nc3 d6 5. Nf3 Nf6 6. d3 O-O 7. O-O Be6 8. a3 a5
9. Ng5 Bf5 10. Nge4 Nxe4 11. Nxe4 Bb6 12. Bd2 Ne7 13. Qc2 c6 14. b4 d5 15. cxd5
cxd5 16. Nc5 Rc8 17. Qb2 axb4 18. axb4 Bxc5 19. bxc5 Ng6 20. Qxb7 Rxc5 21. Bb4
Rc7 22. Qa6 Bc8 23. Qa3 Re8 24. Ba5 d4 25. Bxc7 Qxc7 26. Rfc1 Qe7 27. Qxe7 Nxe7
28. Ra8 Kf8 29. Bc6 Nxc6 30. Rxc6 Bb7 31. Rxe8+ Kxe8 32. Rc5 e4 33. dxe4 Ba6 34.
Rd5 Bxe2 35. Rxd4 Ke7 36. f4 g6 37. Kf2 Bb5 38. h3 Bd7 39. g4 h6 40. Kg3 g5 41.
h4 gxf4+ 42. Kxf4 f6 43. Rxd7+ Kxd7 44. Kf5 1-0

[Event "World Youth Girls U16 2014"]
[Site "Durban RSA"]
[Date "2014.09.23"]
[Round "6.20"]
[White "Sajjadi, Kimiya"]
[Black "Dadello, Aleksandra"]
[Result "0-1"]
[WhiteElo "1665"]
[BlackElo "1907"]
[WhiteFideId "1516434"]
[BlackFideId "1177362"]
[EventDate "2014.09.20"]

1. d4 d5 2. c4 e6 3. Nc3 Be7 4. Qc2 Nf6 5. cxd5 exd5 6. Bg5 O-O 7. e3 Nbd7 8.
Bd3 h6 9. Bh4 b6 10. Nge2 c5 11. O-O Re8 12. h3 Bb7 13. b3 Rc8 14. Bg3 cxd4 15.
exd4 Ne4 16. Bxe4 dxe4 17. Qb2 Nf6 18. Rac1 Bd6 19. Bxd6 Qxd6 20. Nb5 Qd7 21.
Nbc3 Nd5 22. Nxd5 Qxd5 23. Nf4 Qf5 24. Qd2 g5 25. Nh5 Qg6 26. Ng3 Qe6 27. Rfe1
f5 28. Rcd1 Qd5 29. Nh5 Qf7 30. Ng3 f4 31. Nf1 Bd5 32. Rc1 Qd7 33. Kh2 Rxc1 34.
Rxc1 Rc8 35. h4 Qg4 36. Rxc8+ Qxc8 37. g3 Qc7 38. h5 Kg7 39. g4 e3 40. Qd3 f3+
41. Kh3 e2 42. Qg6+ Kf8 43. Ne3 e1=Q 44. Qf6+ Ke8 45. Qh8+ Kd7 46. Qh7+ Kc8 47.
Qf5+ Kb8 48. Qf8+ Kb7 0-1

[Event "World Youth Girls U16 2014"]
[Site "Durban RSA"]
[Date "2014.09.23"]
[Round "6.21"]
[White "Du Toit, Sune"]
[Black "Suchomelova, Simona"]
[Result "0-1"]
[WhiteTitle "WFM"]
[WhiteElo "1645"]
[BlackElo "1895"]
[WhiteFideId "14303639"]
[BlackFideId "348864"]
[EventDate "2014.09.20"]

1. e4 c5 2. Nf3 d6 3. d4 cxd4 4. Nxd4 Nf6 5. Nc3 a6 6. a4 Nc6 7. Be2 e6 8. O-O
Be7 9. Kh1 O-O 10. f4 Bd7 11. Nb3 Rc8 12. Bf3 Qc7 13. Be3 Nb4 14. Rc1 Bc6 15.
Nd4 d5 16. Nxc6 bxc6 17. Qe2 c5 18. exd5 exd5 19. Bd2 Rfe8 20. Qf2 Bd6 21. Qh4
d4 22. Ne2 Nbd5 23. Rce1 Ne3 24. Bxe3 Rxe3 25. g3 Qa5 26. b3 Rxf3 0-1

[Event "World Youth Girls U16 2014"]
[Site "Durban RSA"]
[Date "2014.09.23"]
[Round "6.22"]
[White "Trippold, Denise"]
[Black "Gucagaite, Gabriele"]
[Result "1-0"]
[WhiteElo "1842"]
[BlackElo "1639"]
[WhiteFideId "1625594"]
[BlackFideId "12808210"]
[EventDate "2014.09.20"]

1. d4 f5 2. g3 g6 3. Bg2 Bg7 4. Nf3 Nf6 5. O-O O-O 6. c4 c6 7. Nc3 Qe8 8. Qd3 d6
9. d5 e5 10. dxe6 Qxe6 11. Ng5 Qe7 12. Bf4 Rd8 13. Rad1 Ne8 14. c5 d5 15. Nxd5
cxd5 16. Bxd5+ 1-0

[Event "World Youth Girls U16 2014"]
[Site "Durban RSA"]
[Date "2014.09.23"]
[Round "6.23"]
[White "Methmani, Nelunika"]
[Black "Nyamdorj, Uranchimeg"]
[Result "1/2-1/2"]
[WhiteTitle "WIM"]
[WhiteElo "1614"]
[BlackElo "1784"]
[WhiteFideId "9910050"]
[BlackFideId "4902386"]
[EventDate "2014.09.20"]

1. d4 Nf6 2. c4 e6 3. Nc3 Bb4 4. Qc2 d5 5. e3 Nbd7 6. Nf3 O-O 7. Bd3 a6 8. O-O
dxc4 9. Bxc4 b5 10. Be2 Bb7 11. a3 Bd6 12. Rd1 c5 13. e4 cxd4 14. Nxd4 Qc7 15.
h3 Be5 16. f3 Nh5 17. Be3 Ndf6 18. Rac1 Bh2+ 19. Kf1 Nf4 20. Bd3 N6h5 21. Nce2
Qe5 22. Nxf4 Bxf4 23. Bxf4 Nxf4 24. Qc5 Qxc5 25. Rxc5 Rad8 26. Be2 Rd7 27. Nb3
Rxd1+ 28. Bxd1 Nd3 29. Rc2 f5 30. exf5 exf5 31. Nc5 Nxc5 32. Rxc5 h6 33. Bb3+
Kh7 34. Rc7 Bc8 35. Kf2 f4 36. Bc2+ Bf5 37. Be4 Rf6 38. b4 Kg6 39. g4 fxg3+ 40.
Kxg3 Bxe4 41. fxe4 Re6 1/2-1/2

[Event "World Youth Girls U16 2014"]
[Site "Durban RSA"]
[Date "2014.09.23"]
[Round "6.25"]
[White "Marx, Inge"]
[Black "Shapar, Tatiana"]
[Result "1/2-1/2"]
[WhiteElo "1488"]
[BlackElo "1877"]
[WhiteFideId "14306271"]
[BlackFideId "24174840"]
[EventDate "2014.09.20"]

1. e4 e5 2. Nf3 Nc6 3. Bc4 Nf6 4. d3 Be7 5. c3 d6 6. Bb3 O-O 7. Nbd2 Na5 8. Bc2
c5 9. Nf1 b5 10. Ng3 Qc7 11. O-O Rd8 12. Qe2 b4 13. Nh4 Nxe4 14. Qxe4 d5 15. Qe1
Bxh4 16. cxb4 cxb4 17. Qxb4 Qxc2 18. Qxh4 Ba6 19. Bg5 f6 20. Bxf6 gxf6 21. Qxf6
Qc6 22. Qxe5 Bxd3 23. Rfe1 Nc4 24. Qd4 Bg6 25. Re7 Bf7 26. Nh5 Qg6 27. Nf6+ Kg7
28. Nd7+ Kg8 29. Nf6+ Kg7 30. Nd7+ Kg8 31. Nf6+ 1/2-1/2

[Event "World Youth Girls U16 2014"]
[Site "Durban RSA"]
[Date "2014.09.23"]
[Round "6.27"]
[White "Van Zyl, Charlize"]
[Black "Al Shamsi, Kaltham Mubarak"]
[Result "1-0"]
[WhiteTitle "WIM"]
[WhiteElo "1753"]
[BlackElo "1292"]
[WhiteFideId "14307120"]
[BlackFideId "9304193"]
[EventDate "2014.09.20"]

1. d4 Nf6 2. c4 e5 3. dxe5 Ng4 4. Nf3 Bc5 5. e3 Nc6 6. a3 a5 7. Qd5 Qe7 8. Nc3
Ngxe5 9. Nxe5 Nxe5 10. Ne4 Bb6 11. c5 c6 12. Nd6+ Kf8 13. Qd4 Bc7 14. f4 Ng4 15.
e4 Bxd6 16. cxd6 Qd8 17. Be2 Nf6 18. O-O b6 19. e5 Ne8 20. Be3 Ba6 21. Bxa6 Rxa6
22. Rad1 h5 23. f5 c5 24. Qd5 Qa8 25. Qc4 Ra7 26. Bg5 Qc6 27. Be7+ Kg8 28. e6
fxe6 29. fxe6 Kh7 30. Qd3+ g6 31. Rf7+ Ng7 32. Bf6 Rg8 33. Qc3 Qa4 34. Rf1 Qg4
35. Bxg7 Qxe6 36. Bf8+ 1-0

[Event "World Youth Girls U16 2014"]
[Site "Durban RSA"]
[Date "2014.09.23"]
[Round "6.29"]
[White "Liao, Jo-Yu"]
[Black "Keskin, Suara"]
[Result "0-1"]
[WhiteElo "1438"]
[BlackElo "1674"]
[WhiteFideId "16300459"]
[BlackFideId "6332650"]
[EventDate "2014.09.20"]

1. e4 d6 2. d4 g6 3. Nf3 Bg7 4. Bc4 Nf6 5. Nc3 O-O 6. h3 c6 7. Be3 b5 8. Bd3 Bb7
9. Qd2 Nbd7 10. Bh6 a6 11. Bxg7 Kxg7 12. a3 Qc7 13. O-O c5 14. Rfe1 e5 15. d5 c4
16. Bf1 Nc5 17. Qd1 Rac8 18. Rc1 Qb6 19. b3 b4 20. axb4 Qxb4 21. Na2 Qa3 22. b4
Ncxe4 23. Ra1 Bxd5 24. g4 g5 25. Re3 Qb2 26. Rb1 Qxa2 27. Ra1 Qb2 28. Rb1 Nc3
29. Rxc3 Qxc3 30. Bg2 Bxf3 31. Bxf3 e4 32. Bg2 d5 33. Ra1 Rc6 34. Qc1 h6 35. Rb1
Rb8 36. Qb2 Qxb2 37. Rxb2 d4 38. Kf1 Rcb6 39. Ke1 Rxb4 40. Rxb4 Rxb4 0-1

[Event "World Youth Girls U16 2014"]
[Site "Durban RSA"]
[Date "2014.09.25"]
[Round "7.1"]
[White "Haussernot, Cecile"]
[Black "Tsolakidou, Stavroula"]
[Result "0-1"]
[WhiteTitle "WFM"]
[BlackTitle "WFM"]
[WhiteElo "2011"]
[BlackElo "2250"]
[WhiteFideId "601632"]
[BlackFideId "4264312"]
[EventDate "2014.09.20"]

1. e4 c5 2. Nc3 a6 3. Nf3 d6 4. d4 cxd4 5. Nxd4 Nf6 6. h3 Nc6 7. g4 e5 8. Nf5 h5
9. g5 Nxe4 10. Nxg7+ Bxg7 11. Nxe4 d5 12. Ng3 e4 13. Nxh5 Be5 14. c3 d4 15. cxd4
Nxd4 16. Be2 Qc7 17. Bf4 Nc2+ 18. Kf1 Bxf4 19. Nf6+ Kf8 20. Nd5 Qe5 21. Nxf4
Nxa1 22. Nh5 Qxg5 23. h4 Qe7 24. Qxa1 Qe5 25. Qd1 Be6 26. Qd2 Rxh5 27. Bxh5 Qxh5
28. Rg1 Qb5+ 29. Ke1 Ke7 30. Rg5 Rd8 31. Qc3 Qd3 32. Qb4+ Qd6 33. Qxb7+ Rd7 0-1

[Event "World Youth Girls U16 2014"]
[Site "Durban RSA"]
[Date "2014.09.25"]
[Round "7.2"]
[White "Wozniak, Mariola"]
[Black "Unuk, Laura"]
[Result "0-1"]
[WhiteTitle "WCM"]
[BlackTitle "WFM"]
[WhiteElo "1992"]
[BlackElo "2247"]
[WhiteFideId "1152050"]
[BlackFideId "14609215"]
[EventDate "2014.09.20"]

1. e4 e6 2. d4 d5 3. Nc3 Nf6 4. e5 Nfd7 5. f4 c5 6. Nf3 Nc6 7. Be3 a6 8. Qd2 b5
9. dxc5 Bxc5 10. Bxc5 Nxc5 11. Qf2 Qb6 12. Bd3 b4 13. Ne2 a5 14. O-O Ba6 15.
Rad1 Na4 16. Qxb6 Nxb6 17. b3 Ke7 18. Kf2 Rhc8 19. Ke3 a4 20. Ned4 Nd7 21. Rc1
f6 22. exf6+ gxf6 23. Rfe1 Nxd4 24. Nxd4 e5 25. fxe5 fxe5 26. Nf5+ Ke6 27. Ng3
d4+ 28. Kd2 Bxd3 29. Kxd3 axb3 30. axb3 Rc3+ 31. Kd2 Ra2 32. Ne2 Re3 33. Ra1
Rxa1 34. Rxa1 Nc5 35. Ng3 Rxb3 36. Ra7 Rc3 37. Ne2 Ne4+ 38. Kd1 Ra3 39. Rxh7
Ra1+ 40. Nc1 Nc3+ 41. Kd2 e4 42. Rh6+ Kd5 43. Rh5+ Ke6 44. Rh6+ Kf7 45. Rh7+ Kg6 0-1

[Event "World Youth Girls U16 2014"]
[Site "Durban RSA"]
[Date "2014.09.25"]
[Round "7.3"]
[White "Monnisha, GK"]
[Black "Drogovoz, Irina"]
[Result "0-1"]
[WhiteTitle "WFM"]
[WhiteElo "2078"]
[BlackElo "2313"]
[WhiteFideId "5009936"]
[BlackFideId "4176715"]
[EventDate "2014.09.20"]

1. e4 c5 2. Nf3 d6 3. d4 cxd4 4. Nxd4 Nf6 5. Nc3 a6 6. g3 e5 7. Nde2 Be7 8. Bg2
Be6 9. h3 h5 10. a4 Nbd7 11. b3 Nc5 12. Be3 Rc8 13. Qd2 Qc7 14. Rd1 Qc6 15. f3
b5 16. axb5 axb5 17. O-O O-O 18. Nd5 Bxd5 19. exd5 Qc7 20. g4 hxg4 21. hxg4 Ncd7
22. g5 Nh7 23. Bh3 Qd8 24. Ng3 Rb8 25. Ne4 Nc5 26. g6 fxg6 27. Nxc5 dxc5 28. d6
Bg5 29. Qd5+ Kh8 30. Qxc5 Bxe3+ 31. Qxe3 Qh4 32. Bg2 Rf5 33. Qe4 Qf6 34. d7 Qb6+
35. Rf2 Ng5 36. Qh4+ Kg8 37. Kf1 Rd8 38. f4 Nf7 39. Bh3 Rxf4 40. Rxf4 exf4 41.
Re1 Qc6 42. Be6 g5 43. Qh5 Rxd7 44. Bxd7 Qxd7 45. Qe2 Qh3+ 46. Qg2 Qc8 47. Ra1
Qf5 48. Ra8+ Kh7 49. Qe2 Qh3+ 50. Kg1 Qg3+ 51. Kh1 Qh4+ 52. Qh2 Kg6 53. Ra6+ Kf5
54. Rb6 Qe1+ 55. Qg1 Qh4+ 56. Qh2 Qe1+ 57. Qg1 Qe2 58. Qc5+ Kg4 59. Qxb5 Qd1+
60. Kh2 Qxc2+ 61. Kg1 Kg3 0-1

[Event "World Youth Girls U16 2014"]
[Site "Durban RSA"]
[Date "2014.09.25"]
[Round "7.4"]
[White "Bluhm, Sonja Maria"]
[Black "Abdusattorova, Bakhora"]
[Result "1-0"]
[WhiteTitle "WFM"]
[BlackTitle "WFM"]
[WhiteElo "2155"]
[BlackElo "2008"]
[WhiteFideId "24654027"]
[BlackFideId "14204126"]
[EventDate "2014.09.20"]

1. e4 e5 2. Nf3 Nc6 3. Bb5 Nf6 4. d3 Bc5 5. c3 O-O 6. O-O d6 7. h3 Ne7 8. Re1
Ng6 9. Nbd2 h6 10. Nf1 c6 11. Ba4 Qc7 12. Ng3 Bb6 13. d4 Re8 14. Bc2 Be6 15. Nf5
Rad8 16. dxe5 dxe5 17. Qe2 Bxf5 18. exf5 e4 19. Nd4 Nf4 20. Qc4 N4d5 21. Be3 Qe5
22. Rad1 Nxe3 23. Rxe3 c5 24. Ne2 Rxd1+ 25. Bxd1 Bc7 26. Ng3 a6 27. a4 Re7 28.
Bc2 Qd6 29. Bxe4 Qd1+ 30. Nf1 b6 31. Bf3 Qd6 32. Rxe7 Qxe7 33. Qxa6 Kh7 34. Qc4
Kg8 35. b4 Nd7 36. b5 Ne5 37. Qe4 Qd6 38. Qa8+ Kh7 39. Be4 f6 40. Bd5 Bd8 41.
Ng3 Nd3 42. Ne4 Qc7 43. g3 h5 44. Qc6 Qe5 45. Ng5+ 1-0

[Event "World Youth Girls U16 2014"]
[Site "Durban RSA"]
[Date "2014.09.25"]
[Round "7.5"]
[White "Gal, Hanna Krisztina"]
[Black "Mahalakshmi, M"]
[Result "0-1"]
[BlackTitle "WFM"]
[WhiteElo "2094"]
[BlackElo "2048"]
[WhiteFideId "711861"]
[BlackFideId "5001080"]
[EventDate "2014.09.20"]

1. e4 c6 2. d4 d5 3. Nc3 dxe4 4. Nxe4 Bf5 5. Ng3 Bg6 6. h4 h6 7. Nf3 Nd7 8. h5
Bh7 9. Bd3 Bxd3 10. Qxd3 e6 11. Bd2 Qc7 12. O-O-O Ngf6 13. Ne4 Nxe4 14. Qxe4 Nf6
15. Qe2 O-O-O 16. g3 Bd6 17. c4 c5 18. Bc3 cxd4 19. Nxd4 a6 20. Kb1 Rd7 21. Nb3
Qc6 22. c5 Bc7 23. Bxf6 gxf6 24. Rxd7 Qxh1+ 25. Rd1 Qc6 26. Rc1 f5 27. Qe3 Qe4+
28. Qxe4 fxe4 29. Re1 f5 30. Kc2 Rg8 31. Nd4 Kd7 32. Kd2 Ba5+ 33. Ke2 Bxe1 34.
Kxe1 Rg5 35. b4 Rxh5 36. a4 Rh1+ 37. Ke2 Ra1 38. a5 Ra2+ 39. Ke3 Rb2 40. g4 fxg4
41. Kxe4 Rxf2 42. b5 axb5 43. Nxb5 g3 44. Nd4 g2 0-1

[Event "World Youth Girls U16 2014"]
[Site "Durban RSA"]
[Date "2014.09.25"]
[Round "7.6"]
[White "Bykovtsev, Agata"]
[Black "Zhang, Lanlin"]
[Result "1-0"]
[WhiteElo "2059"]
[BlackElo "1988"]
[WhiteFideId "2046547"]
[BlackFideId "8608032"]
[EventDate "2014.09.20"]

1. e4 c5 2. Nf3 d6 3. Nc3 Nf6 4. d4 cxd4 5. Nxd4 e6 6. Bc4 Be7 7. O-O O-O 8. Bb3
a6 9. f4 Nc6 10. Kh1 Qc7 11. f5 Nxd4 12. Qxd4 Bd7 13. Bg5 Rad8 14. Rad1 Qc8 15.
Qe3 Rfe8 16. Qh3 exf5 17. exf5 Bc6 18. Rd4 d5 19. Rh4 h6 20. Bxh6 gxh6 21. Rxh6
Kg7 22. Rf3 Rg8 23. Rg3+ Kf8 24. Rh8 Bc5 25. Rgxg8+ Nxg8 26. Qg3 Ke7 27. Qe5+
Kf8 28. Nxd5 Bxd5 29. Bxd5 Re8 30. Qg3 Ke7 31. Rh7 Rf8 32. Qe5+ Kd8 33. Bxf7 Qd7
34. Qb8+ Qc8 35. Qxc8+ Kxc8 36. Be6+ Kb8 37. Rh8 Nf6 38. Rxf8+ Bxf8 39. h3 Be7
40. g3 Kc7 41. Kg2 Ne4 42. h4 b5 43. Kf3 Nc5 44. Bf7 Na4 45. Kg4 Nxb2 46. Kh5
Nd1 47. Kg6 Ne3 48. h5 Ng4 49. h6 Bf6 50. Bd5 Be5 51. h7 Bh8 52. Kf7 Nf6 53. Bg2
Nxh7 54. Kg8 Be5 55. Kxh7 Bxg3 56. f6 Bd6 57. f7 Kb6 58. Kg8 Kc5 59. f8=Q Bxf8
60. Kxf8 a5 61. c3 b4 62. cxb4+ axb4 63. Ke7 Kc4 64. Kd6 Kc3 65. Bd5 Kb2 66. Bb3 1-0

[Event "World Youth Girls U16 2014"]
[Site "Durban RSA"]
[Date "2014.09.25"]
[Round "7.7"]
[White "Derakhshani, Dorsa"]
[Black "Besso, Guadalupe"]
[Result "1-0"]
[WhiteTitle "WFM"]
[BlackTitle "WCM"]
[WhiteElo "2148"]
[BlackElo "1952"]
[WhiteFideId "12500330"]
[BlackFideId "123161"]
[EventDate "2014.09.20"]

1. e4 c5 2. Nf3 d6 3. d4 cxd4 4. Nxd4 Nf6 5. Nc3 g6 6. Be3 Bg7 7. f3 O-O 8. Qd2
Nc6 9. Bc4 Bd7 10. O-O-O Rc8 11. Bb3 Ne5 12. Kb1 Nc4 13. Bxc4 Rxc4 14. g4 b5 15.
h4 b4 16. Nd5 Nxd5 17. exd5 Qa8 18. h5 Qxd5 19. Nf5 Qxd2 20. Nxe7+ Kh8 21. Rxd2
Re8 22. Nd5 a5 23. h6 Be5 24. f4 Bxg4 25. fxe5 Rxe5 26. Bd4 Rxd4 27. Rxd4 Bf3
28. Rc4 1-0

[Event "World Youth Girls U16 2014"]
[Site "Durban RSA"]
[Date "2014.09.25"]
[Round "7.8"]
[White "Kafetzi, Angeliki"]
[Black "Gazikova, Veronika"]
[Result "0-1"]
[BlackTitle "WFM"]
[WhiteElo "1896"]
[BlackElo "2134"]
[WhiteFideId "4238419"]
[BlackFideId "14919311"]
[EventDate "2014.09.20"]

1. e4 e6 2. b3 d5 3. Bb2 dxe4 4. Nc3 Nf6 5. Qe2 Be7 6. O-O-O b6 7. Nxe4 Bb7 8.
f3 a5 9. a4 O-O 10. g4 Nxe4 11. fxe4 b5 12. Qxb5 Bc6 13. Qe2 Nd7 14. Bg2 Rb8 15.
Nf3 Nc5 16. Ne5 Qe8 17. Nxc6 Qxc6 18. Qc4 Rxb3 19. e5 Qxg2 20. cxb3 Rb8 21. Kc2
Rb4 22. Qf1 Qd5 23. Qh3 Rxb3 24. d3 Rxb2+ 25. Kxb2 Nxa4+ 0-1

[Event "World Youth Girls U16 2014"]
[Site "Durban RSA"]
[Date "2014.09.25"]
[Round "7.9"]
[White "Virkud, Apurva"]
[Black "Parhomenko, Margarita"]
[Result "1-0"]
[WhiteTitle "WCM"]
[WhiteElo "2041"]
[BlackElo "1894"]
[WhiteFideId "2050820"]
[BlackFideId "11603216"]
[EventDate "2014.09.20"]

1. d4 c5 2. d5 e5 3. c4 d6 4. Nc3 Be7 5. e4 Na6 6. h3 Bg5 7. Nf3 Bxc1 8. Rxc1
Ne7 9. Bd3 O-O 10. O-O f5 11. exf5 Bxf5 12. a3 Nc7 13. Re1 Ng6 14. Bxf5 Rxf5 15.
g3 Qd7 16. Kg2 Raf8 17. Re3 Rh5 18. Ng1 Rg5 19. Ne4 Rgf5 20. Rc2 Ne8 21. Nf3 Nf6
22. Nfg5 Nxe4 23. Nxe4 h5 24. h4 Nh8 25. Ng5 g6 26. Qd3 R8f6 27. b4 b6 28. bxc5
bxc5 29. Rb2 Qe7 30. Qb1 Rf8 31. Ne6 Nf7 32. Rf3 Qf6 33. Rxf5 gxf5 34. Nxf8 Kxf8
35. Rb7 a5 36. Ra7 Kg7 37. Rxa5 f4 38. Qe4 fxg3 39. fxg3 Qh6 40. Qe2 Qf6 41.
Qxh5 e4 42. Ra7 Qb2+ 43. Kh3 Qf2 44. Rxf7+ Qxf7 45. Qxf7+ Kxf7 46. Kg4 Kf6 47.
Kf4 1-0

[Event "World Youth Girls U16 2014"]
[Site "Durban RSA"]
[Date "2014.09.25"]
[Round "7.10"]
[White "Guo, Zhi Lin"]
[Black "Beinenson, Katsiaryna"]
[Result "1-0"]
[BlackTitle "WFM"]
[WhiteElo "1632"]
[BlackElo "1980"]
[WhiteFideId "3216381"]
[BlackFideId "13507044"]
[EventDate "2014.09.20"]

1. d4 d6 2. c4 Nd7 3. e4 e5 4. d5 Ngf6 5. Nc3 Be7 6. Bd3 O-O 7. Nge2 c6 8. O-O
Re8 9. Ng3 Bf8 10. Bg5 h6 11. Be3 g6 12. Be2 Qe7 13. Qd2 Kh7 14. Rad1 c5 15. Bf3
Bg7 16. Nge2 Nf8 17. g3 N6d7 18. Qd3 Nb6 19. Bg2 f5 20. f4 fxe4 21. Bxe4 Bh3 22.
Rf2 Nbd7 23. f5 gxf5 24. Bxf5+ Bxf5 25. Qxf5+ Kg8 26. Ne4 Rad8 27. Rdf1 Nh7 28.
Qg6 Ndf8 29. Qh5 Rd7 30. Rf7 Qd8 31. Rxd7 Qxd7 32. Bxh6 Rd8 33. Bxg7 Qxg7 34.
N2c3 Ng6 35. Qg4 a6 36. Qe6+ Kh8 37. Nxd6 Ng5 38. Nf7+ Nxf7 39. Qxf7 Qxf7 40.
Rxf7 b5 41. b3 bxc4 42. bxc4 e4 43. Nxe4 Ne5 44. Re7 Nxc4 45. Nf6 1-0

[Event "World Youth Girls U16 2014"]
[Site "Durban RSA"]
[Date "2014.09.25"]
[Round "7.11"]
[White "Drogovoz, Maria"]
[Black "Konopatska, Oleksandra"]
[Result "0-1"]
[WhiteElo "2167"]
[BlackElo "1914"]
[WhiteFideId "4176731"]
[BlackFideId "14128772"]
[EventDate "2014.09.20"]

1. e4 c5 2. Nf3 g6 3. d4 cxd4 4. Nxd4 Bg7 5. Nc3 Nc6 6. Nb3 Nf6 7. Be2 O-O 8.
O-O d6 9. Re1 a6 10. Bf1 Bd7 11. a4 0-1

[Event "World Youth Girls U16 2014"]
[Site "Durban RSA"]
[Date "2014.09.25"]
[Round "7.12"]
[White "Suchomelova, Simona"]
[Black "Ghukasyan, Siranush"]
[Result "1/2-1/2"]
[WhiteElo "1895"]
[BlackElo "2155"]
[WhiteFideId "348864"]
[BlackFideId "13300946"]
[EventDate "2014.09.20"]

1. e4 c5 2. Nf3 Nc6 3. d4 cxd4 4. Nxd4 e5 5. Nb5 d6 6. N1c3 a6 7. Na3 b5 8. Nd5
Nce7 9. c4 Nxd5 10. Qxd5 Be6 11. Qd3 bxc4 12. Nxc4 Rc8 13. Ne3 Nf6 14. Be2 Be7
15. O-O O-O 16. Bd2 d5 17. Nxd5 Nxd5 18. exd5 Bxd5 19. Bc3 e4 20. Qg3 Bf6 21.
Bxa6 Ra8 22. Be2 Bxc3 23. Qxc3 Rc8 24. Qd2 Re8 25. Rfd1 Re5 26. f4 exf3 27. Bxf3
Qb6+ 28. Qf2 Qxf2+ 29. Kxf2 Bxf3 30. Kxf3 g6 31. Rd2 Rce8 32. Rad1 Re3+ 33. Kf2
Kg7 34. a4 Rb3 35. Ra1 Ra8 36. a5 Ra6 37. Ke2 Kf6 38. Ra2 Rb5 39. Kd3 Raxa5 40.
Rxa5 Rxa5 41. Kc4 Ke6 42. b4 Ra1 43. Kc5 f5 44. b5 Rc1+ 45. Kb6 g5 46. Kb7 f4
47. b6 Rc3 48. Ka8 Ra3+ 49. Kb8 g4 50. b7 f3 51. gxf3 gxf3 52. Kc8 Rc3+ 53. Kd8
Rb3 54. Kc8 1/2-1/2

[Event "World Youth Girls U16 2014"]
[Site "Durban RSA"]
[Date "2014.09.25"]
[Round "7.13"]
[White "Dadello, Aleksandra"]
[Black "Egorova, Ayyyna"]
[Result "0-1"]
[BlackTitle "WCM"]
[WhiteElo "1907"]
[BlackElo "1992"]
[WhiteFideId "1177362"]
[BlackFideId "24136611"]
[EventDate "2014.09.20"]

1. e4 c5 2. Nf3 Nc6 3. d4 cxd4 4. Nxd4 Qb6 5. Nb3 Nf6 6. Nc3 e6 7. Be3 Qc7 8. f4
Bb4 9. Qd3 Bxc3+ 10. bxc3 Ne7 11. c4 d5 12. e5 Ne4 13. cxd5 exd5 14. Be2 Bd7 15.
Nc5 Ng6 16. O-O Rc8 17. Rad1 b6 18. Qa3 0-1